Biathlon Gesamtweltcupsieger Frauen - Statistiken

Allgemein
  • Dieses Quiz wurde 102 mal gespielt
  • Das Durchschnittsergebnis liegt bei 7 aus 15
Antwortstatistiken
Saison Siegerin % Korrekt
2024/25 Franziska Preuss
82%
2016/17 Laura Dahlmeier
75%
2011/12 Magdalena Neuner
70%
2019/20 Dorothea Wierer
65%
2018/19 Dorothea Wierer
65%
2022/23 Julia Simon
49%
2023/24 Lisa Vittozzi
49%
2020/21 Tiril Eckhoff
49%
2021/22 Marte Olsbu Roiseland
41%
2012/13 Tora Berger
35%
2017/18 Kaisa Mäkäräinen
24%
2013/14 Kaisa Mäkäräinen
24%
2010/11 Kaisa Mäkäräinen
24%
2015/16 Gabriela Koukalova
23%
2014/15 Darja Domratschawa
6%
Keine übereinstimmenden Quizze gefunden
Verteilung der Resultate
Anzahl Personen mit jedem Resultat
Perzentil nach korrekt beantworteten Fragen
Ihre Resultats-Entwicklung
Sie haben dieses Quiz noch nicht gespielt